| 000 | 00440nam a2200169 a 4500 | ||
|---|---|---|---|
| 001 | 0000-8938 | ||
| 003 | ELIB.Books | ||
| 008 | 110520 1983 | ||
| 035 | _a(ELIB.Books)0000-9086 | ||
| 082 |
_a230 _bCCA |
||
| 100 | _aCCA - CTC | ||
| 245 | _aTowarads the Sovereignty of the People | ||
| 260 |
_bSingapore: Christian Conference of Asia _c1983 |
||
| 650 | _aTheology | ||
| 942 |
_2ddc _cBK |
||
| 998 |
_cbat _e2011-05-20 |
||
| 999 |
_c8938 _d8938 |
||